Teoría y problemas de cálculo superior

Guardat en:
Dades bibliogràfiques
Autor principal: Spiegel, Murray R (Autor)
Format: Llibre
Idioma:espanyol
Publicat: Ciudad de México Libros McGraw Hill 1969
Edició:1a. ed
Col·lecció:Serie de Compendios Schaum
Matèries:
Etiquetes: Afegir etiqueta
Sense etiquetes, Sigues el primer a etiquetar aquest registre!

MARC

LEADER 00000cam a2200000 a 4500
001 UCX2029
003 CL-VaPUC
008 910110e19690000MX |||||||||||||||||spa|d
082 0 4 |a 515  |b SPI  |2 21 
100 0 |a Spiegel, Murray R  |e author  |9 366 
245 1 0 |a Teoría y problemas de cálculo superior 
250 |a 1a. ed 
300 |a 381 p 
942 |c BK 
945 |d 19910110 00:00:00 
260 |a Ciudad de México  |b Libros McGraw Hill  |c 1969 
650 0 |a Cálculo  |9 260234 
650 0 |a Problemas, ejercicios, etc  |9 259377 
583 |a last modification  |c 20170816 12:33:18  |k Rodrigo Vera 
490 0 |a Serie de Compendios Schaum 
999 |c 223136  |d 223134 
952 |0 0  |1 0  |4 0  |6 515_000000000000000_SPI_1969  |7 0  |8 A  |9 218640  |a BIBMAT  |b BIBMAT  |d 2019-11-15  |i 1492284  |o 515 SPI 1969  |p 1492284  |r 2025-01-07  |w 2019-11-15  |y BK  |k MAT 
952 |0 0  |1 0  |4 0  |6 515_000000000000000_SPI_1969  |7 0  |8 A  |9 218641  |a BIBMAT  |b BIBMAT  |d 2019-11-15  |i 1492381  |o 515 SPI 1969  |p 1492381  |r 2025-01-07  |w 2019-11-15  |y BK  |k MAT 
952 |0 0  |1 0  |4 0  |6 515_000000000000000_SPI_1969  |7 0  |8 A  |9 218642  |a BIBMAT  |b BIBMAT  |d 2019-11-15  |i 1492330  |o 515 SPI 1969  |p 1492330  |r 2025-01-07  |w 2019-11-15  |y BK  |k MAT